Star Wars: Episode 4 Trivia - Statistics

General Stats
  • This quiz has been taken 24 times
    20 since last reset
  • The average score is 14 of 25
Answer Stats
Hint Answer % Correct
Which hairy alien character was played by 7'2" hospital orderly Peter Mayhew? Chewbacca
93%
What is the name of the fearsome new weapon the Empire uses to destroy entire planets? Death Star
87%
Who held Han Solo at gunpoint in the cantina, and was then shot by him? Greedo
87%
Who played the role of the space pirate, Han Solo? Harrison Ford
87%
What are the junk collecting aliens with glowing eyes called? Jawas
80%
What type of star fighter does Luke Skywalker fly? X Wing
80%
Who composed the score for this film, and all of the others in the original trilogy? John Williams
73%
What was the name of Princess Leia's home planet, which was destroyed by the Empire? Alderaan
67%
What are Imperial fighters called? TIE fighter
67%
What species was that alien? Wookiee
67%
The rebel base was on the 4th moon of what giant red planet? Yavin
60%
Where did the one-eyed, tenticled creature, the dianoga, inhabit? Trash Compactor
53%
In what country were most of the desert scenes filmed? Tunisia
53%
What animals do the sand people ride? Banthas
47%
What beverage was Luke drinking at home with his aunt and uncle? Blue milk
47%
Who played Governor Tarkin in the film? Peter Cushing
47%
Sand people have another name, but are never actually referred to by it in the film. What else are they called? Tuskin Raiders
47%
What type of robot (droid) is R2-D2? Astromech
40%
James Earl Jones voiced Darth Vader, but what was the name of the actor in the suit? David Prowse
40%
What type of large reptile do storm troopers ride in the film. Dewbacks
40%
What was the name of Princess Leia's ship, that she was trying to escape in at the very start of the movie? Tantive V
40%
Princess Leia's cell number is a callback to George Lucas' previous film. What was the number? 1138
33%
What was hero Luke Skywalker's family name in earlier drafts of the script? Starkiller
33%
Who is credited with creating most of the original artwork for Star Wars? Ralph McQuarrie
27%
In what famous British studio were most of the interior scenes filmed? Elstree Studios
7%
No matching quizzes found
Score Distribution
Percent of People with Each Score
Percentile by Number Answered
Your Score History
You have not taken this quiz since the last reset